|
|
|
|
| LEADER |
00000nam a2200000 a 4500 |
| 001 |
vtls008901064 |
| 003 |
SK-MaSNL |
| 005 |
20260302042459.0 |
| 008 |
240314s2000 xxuob g 001 0deng |
| 020 |
|
|
|a 0674002253
|q (viaz.)
|
| 040 |
|
|
|a SNK
|b slo
|c SNK
|e AACR2
|
| 041 |
0 |
|
|a eng
|
| 043 |
|
|
|a a-vt---
|a n-us---
|
| 044 |
|
|
|a xxu
|a xxk
|c US
|c GB
|
| 072 |
|
7 |
|a 94(7)
|x Dejiny Severnej a Strednej Ameriky
|2 konspekt
|
| 080 |
|
|
|a 94(597)"1961/1975"
|2 2001
|
| 080 |
|
|
|a (73)
|2 2001
|
| 080 |
|
|
|a 328/329
|2 2001
|
| 080 |
|
|
|a (048.8)
|2 2001
|
| 100 |
1 |
|
|a Kaiser, David,
|d 1947-
|4 aut
|9 695406
|
| 245 |
1 |
0 |
|a American tragedy
|b Kennedy, Johnson, and the origins of the Vietnam War
|c David Kaiser
|
| 260 |
|
|
|a Cambridge
|b Belknap Press of Harvard University Press
|c 2000
|
| 300 |
|
|
|a 566 s., 45 obr. na príl.
|b fotogr., mp.
|c 25 cm
|
| 504 |
|
|
|a Obsahuje bibliogr.
|
| 600 |
1 |
7 |
|a Kennedy, John F.
|q (John Fitzgerald),
|d 1917-1963
|2 SNKMA
|9 158708
|
| 600 |
1 |
7 |
|a Johnson, Lyndon B.
|q (Lyndon Baines),
|d 1908-1973
|2 SNKMA
|9 194413
|
| 648 |
|
7 |
|a 1961-1963
|2 SNKPH
|9 347734
|
| 648 |
|
7 |
|a 1963-1969
|2 SNKPH
|9 695407
|
| 650 |
0 |
7 |
|a vietnamská vojna (1961-1975)
|2 SNKPH
|9 177904
|
| 651 |
|
7 |
|a Spojené štáty americké
|x politika a vláda
|2 SNKPH
|9 67271
|
| 655 |
|
7 |
|a monografie
|2 SNKPH
|9 70139
|
| 919 |
|
|
|a 0-674-00225-3
|
| 999 |
|
|
|c 1083000
|d 1084930
|
| 952 |
|
|
|t snkKAI 94(73)
|a SNKUST
|b SNKUST
|y PREZ
|7 0
|p 17A0535260
|o snkIC 134499
|i snk2007/3040
|8 2
|g 17.26
|0 0
|1 0
|4 0
|d 2006-12-18
|l 0
|r 2025-04-30 00:00:00
|w 2026-02-24
|